La petite Mademoiselle /

保存先:
書誌詳細
第一著者: Bordeaux, Henry (autor)
その他の著者: Conrad, Georges (ilustración) (ilustración)
フォーマット: 図書
言語:フランス語
シリーズ:(Modern-Bibliothèque ; 122)
主題:
タグ: タグ追加
タグなし, このレコードへの初めてのタグを付けませんか!

MARC

LEADER 00000nam^a2200000^a^4500
001 000380060
005 20250526000000.0
009 20260310120544.701
037 |a Acervo Xavier Clavigero 
041 |a FRA 
082 |a 808. 83  |b MOD V. 122 
100 |a Bordeaux, Henry  |e (autor) 
245 1 3 |a La petite Mademoiselle /  |c H. Bordeaux ; il. de G. Conrad. 
264 |a París, Francia :  |b Fayard,  |c copyright fecha no identificada 
300 |a 125 p. ;  |c 24.0 cm. 
336 |a texto  |b txt  |2 rdacontenido 
337 |a sin mediación  |b n  |2 rdamedio 
338 |a volumen  |b nc  |2 rdasoporte 
440 1 |a (Modern-Bibliothèque ;  |v 122) 
545 0 |a Henry Bordeaux (1870-1963), escritor y abogado francés, activista político desde una posición católica conservadora. En 1919 ingresó como miembro de la Academia Francesa. Su narrativa retrata las costumbres provincianas, los ambientes familiares y los principios morales, sin olvidar los cristianos. Entre sus obras se encuentran El miedo de vivir (1902), Los Roquevillard (1906), La encrucijada (1909), Nieve sobre las huellas (1911), Historia de una vida (1951-1957), entre otros. 
649 |a XX 
650 |a Novela Francesa 
650 |a Literatura Francesa -  |y Siglo XX 
700 |a Conrad, Georges  |e (ilustración) 
910 |a Fondo General 
920 |a Impresos - Libros 
930 |a Libros Antiguos y Raros 
940 |a Literatura 
905 |a 108 
901 |a 0500274904  |b IT2  |c LRA  |i D77872  |u 20250526 
902 |a https://opac.biblio.iteso.mx/vufind/Record/000380060